000 00725nam a2200217 a 4500
005 20250405063826.0
008 991125s1983 es 000 0 spa u
035 _aUPN01000010488
049 _aCG
050 4 _aLC4001
_bP76 no.3
100 1 _aBender, Michael,
_d1943-
_932079
245 1 0 _aComunicación y socialización /
_cMichael Bender, Peter Valletutti ; tr. Montserrat Biosca.
260 _aBarcelona [Esp.] :
_bFontanella,
_c1983.
300 _a394 p. :
_bil.
440 0 _aProgramas para enseñanza del deficiente mental ;
_v3
650 2 _aDeficiencia mental
_910638
650 4 _aEducación especial
_93029
650 2 _aSocialización
_97257
700 1 _aValletutti, Peter J.,
_ecoaut.
_932080
905 _aLibro
999 _c10488
_d10488